University Home | Library Home | Institutional Repository

"Penda nkutwale" = Count I take you. (Record no. 28135)

MARC details
000 -LEADER
fixed length control field 00489cam3a220016900 4500
001 - CONTROL NUMBER
control field zam00009539
008 - FIXED-LENGTH DATA ELEMENTS--GENERAL INFORMATION
fixed length control field 970717n xx eng u
035 ## - SYSTEM CONTROL NUMBER
System control number (Sirsi) r139539
040 ## - CATALOGING SOURCE
Modifying agency UPRA
100 ## - MAIN ENTRY--PERSONAL NAME
Personal name Nabulyato, R. Mwaakwe.
Linkage A104904.1
245 10 - TITLE STATEMENT
Title "Penda nkutwale" = Count I take you.
260 ## - PUBLICATION, DISTRIBUTION, ETC.
Place of publication, distribution, etc. s.l :
Name of publisher, distributor, etc. s.n,
Date of publication, distribution, etc. 1954.
500 ## - GENERAL NOTE
General note Manuscript.
520 ## - SUMMARY, ETC.
Summary, etc. Written in Ila, the manuscript contains Illa stories and jokes.
949 10 - LOCAL PROCESSING INFORMATION (OCLC)
m INESOR
t BOOK
l ON-SHELF

No items available.

© 2026 - The University of Zambia Library - Koha v25.11